000 00861cpcaa2200253 a 4500
001 mm 79001548
003 DLC
005 20260227111637.0
008 790601|||||||||||| eng
010 _amm 79001548
040 _aDLC
_edacs
_cDLC
_dDLC
072 7 _aW
_2lcmd
100 1 _aGoodman, Walter,
_dactive 1862-1868.
245 0 0 _aWalter Goodman papers,
_f1862-1868.
300 _a22
_fitems.
506 0 _aOpen to research.
533 _aIn part, typewritten transcript.
_b[S.l.].
545 0 _aRailroad official.
546 _aCollection material in English.
580 _aForms part of: Miscellaneous Manuscripts collection.
656 7 _aRailroad officials.
_2itoamc
999 _c40824
_d40824